|
|
|
|
| LEADER |
00000nam a22000007a 4500 |
| 005 |
20200701223417.0 |
| 007 |
cr|||| |||| |
| 008 |
200701s2020 cl |||||s|||| 00||0 spa d |
| 035 |
|
|
|a 31757
|
| 040 |
|
|
|a vLex
|
| 090 |
|
|
|c 10604
|d 10604
|
| 100 |
1 |
|
|a Chv̀ez Chv̀ez, Eric Andrš
|
| 245 |
1 |
0 |
|a Derecho comercial
|h [Recurso electrn̤ico] :
|b Procedimientos concursales, transporte terrestre, mart̕imo y aeronùtico. Prc̀tica Forense
|c Eric Andrš Chv̀ez Chv̀ez
|
| 256 |
|
|
|a Servicio en ln̕ea
|
| 300 |
|
|
|a 1 recurso electrn̤ico
|
| 506 |
1 |
|
|a Disponible solo en los productos indicados
|d vLex Global
|d vLex Global (Academic Edition, excluding Law Schools)
|d vLex Global (U.S. Academic Edition, Law Schools)
|d vLex Global (U.S. Academic Edition, excluding Law Schools)
|d vLex Global (Academic Edition, Law Schools)
|
| 650 |
0 |
4 |
|a Derecho Civil
|z Chile
|
| 740 |
0 |
|
|a vLex Libros (Servicio en ln̕ea)
|
| 856 |
4 |
0 |
|u http://vlex.com/source/derecho-comercial-procedimientos-concursales-transporte-terrestre-maritimo-aeronautico-practica-forense-31757
|z Acceso restringido
|
| 942 |
|
|
|c BOOK
|
| 999 |
0 |
|
|a Civil Law
|